| Tag |
First Indicator |
Second Indicator |
Subfields |
| LEADER |
00000cam a2200000 a 4500 |
| 001 |
in00001685721 |
| 005 |
20151024141832.0 |
| 008 |
960507s1996 nyua b 000 0 eng |
| 010 |
|
|
|a 96020557
|
| 020 |
|
|
|a 0684813580
|
| 035 |
|
|
|a (OCoLC)ocm34742368
|
| 040 |
|
|
|a DLC
|c DLC
|d UtOrBLW
|
| 043 |
|
|
|a n-us---
|
| 049 |
|
|
|a TXAM
|
| 050 |
0 |
0 |
|a HQ75.16.U6
|b C37 1996
|
| 082 |
0 |
0 |
|a 646.7/008/664
|2 20
|
| 100 |
1 |
|
|a Carter, Judy.
|
| 245 |
1 |
4 |
|a The homo handbook :
|b getting in touch with your inner homo /
|c Judy Carter.
|
| 264 |
|
1 |
|a New York, NY :
|b Fireside,
|c [1996]
|
| 264 |
|
4 |
|c ©1996
|
| 300 |
|
|
|a 220 pages :
|b illustrations ;
|c 24 cm.
|
| 336 |
|
|
|a text
|b txt
|2 rdacontent
|
| 337 |
|
|
|a unmediated
|b n
|2 rdamedia
|
| 338 |
|
|
|a volume
|b nc
|2 rdacarrier
|
| 504 |
|
|
|a Includes bibliographical references.
|
| 650 |
|
0 |
|a Coming out (Sexual orientation)
|z United States.
|
| 650 |
|
0 |
|a Gays
|z United States
|x Conduct of life.
|
| 650 |
|
0 |
|a Gays
|z United States
|x Family relationships.
|
| 994 |
|
|
|a E0
|b TXA
|
| 948 |
|
|
|a cataloged
|b h
|c 2002/12/5
|d c
|e blrosas
|f 2:14:33 pm
|
| 999 |
|
|
|a MARS
|
| 999 |
f |
f |
|s edc5de74-470b-3aba-b562-9d17bbbd4220
|i a3c81675-71a3-3868-8b1c-1e0b4aed47e7
|t 0
|
| 952 |
f |
f |
|p normal
|a Texas A&M University
|b College Station
|c Sterling C. Evans Library
|d Evans: Library Stacks
|t 0
|e HQ75.16.U6 C37 1996
|h Library of Congress classification
|i unmediated -- volume
|m A14829549117
|
| 998 |
f |
f |
|a HQ75.16.U6 C37 1996
|t 0
|l Evans: Library Stacks
|